Random 'Big Five' European Football Clubs - Statistics

General Stats
  • This quiz has been taken 1,302 times
  • The average score is 16 of 20
Answer Stats
Picture Hint Answer % Correct
Premier League Aston Villa
96%
Serie A Milan
96%
La Liga Atlético Madrid
95%
Premier League West Ham United
95%
Premier League Arsenal
94%
Bundesliga Bayern Munich
94%
Premier League Manchester United
94%
La Liga Real Madrid
94%
La Liga Barcelona
93%
Serie A Juventus
93%
Ligue 1 Monaco
93%
Premier League Tottenham Hotspur
93%
Bundesliga Borussia Dortmund
92%
Premier League Chelsea
92%
Premier League Crystal Palace
92%
Premier League Everton
92%
Serie A Inter Milan
92%
Premier League Manchester City
92%
Premier League Nottingham Forest
92%
Ligue 1 Paris Saint-Germain
92%
Premier League Wolverhampton Wanderers
92%
Serie A Atalanta
91%
Bundesliga Bayer 04 Leverkusen
91%
Premier League Liverpool
91%
Premier League Newcastle United
91%
La Liga Valencia
91%
Premier League Brentford
90%
Serie A Fiorentina
90%
Premier League Leicester City
90%
Serie A Roma
90%
La Liga Sevilla
90%
La Liga Athletic Bilbao
89%
Serie A Lazio
89%
Ligue 1 Lille
89%
Serie A Napoli
89%
La Liga Villarreal
89%
Premier League Brighton & Hove Albion
88%
Bundesliga Eintracht Frankfurt
88%
Bundesliga RB Leipzig
88%
Bundesliga Schalke 04
87%
Bundesliga 1899 Hoffenheim
86%
Ligue 1 Lyon
86%
La Liga Real Betis
86%
La Liga Real Sociedad
86%
Serie A Bologna
85%
La Liga Girona
85%
Bundesliga Köln
85%
Premier League Leeds United
85%
Ligue 1 Nice
85%
Ligue 1 Rennes
85%
Premier League Bournemouth
84%
La Liga Celta Vigo
84%
La Liga Getafe
84%
Premier League Southampton
84%
Bundesliga Werder Bremen
84%
Premier League Fulham
83%
Serie A Udinese
83%
Serie A Torino
82%
Bundesliga Wolfsburg
82%
Bundesliga Hertha BSC
80%
Bundesliga Mainz 05
80%
Bundesliga Stuttgart
80%
Bundesliga Freiburg
79%
La Liga Espanyol
78%
Serie A Hellas Verona
78%
Bundesliga Borussia Mönchengladbach
76%
Ligue 1 Lens
76%
Bundesliga Union Berlin
75%
Bundesliga Bochum
73%
Ligue 1 Montpellier
73%
La Liga Osasuna
73%
La Liga Rayo Vallecano
73%
La Liga Real Mallorca
73%
Serie A Sassuolo
72%
Ligue 1 Toulouse
72%
Bundesliga Augsburg
71%
La Liga Cádiz
71%
Ligue 1 Strasbourg
68%
Ligue 1 Brest
67%
Serie A Sampdoria
66%
Serie A Lecce
65%
Ligue 1 Lorient
65%
Ligue 1 Marseille
65%
La Liga Almería
64%
Serie A Monza
62%
Ligue 1 Reims
60%
Ligue 1 Angers
57%
Ligue 1 Auxerre
57%
La Liga Real Valladolid
56%
Serie A Empoli
54%
Ligue 1 Clermont
53%
La Liga Elche
53%
Serie A Salernitana
52%
Ligue 1 Ajaccio
50%
Ligue 1 Nantes
50%
Serie A Spezia
45%
Ligue 1 Troyes
44%
Serie A Cremonese
36%
No matching quizzes found
Score Distribution
Percent of People with Each Score
Percentile by Number Answered
Your Score History
You have not taken this quiz